| 000 | 01311nam a22003737a 4500 | ||
|---|---|---|---|
| 003 | CHAP | ||
| 005 | 20220329134022.0 | ||
| 008 | 971013s1979 r 00010 d | ||
| 010 | _a14174 | ||
| 011 | _a15146 | ||
| 035 | _a19220 | ||
| 040 | _cCHAP | ||
| 090 | _aTesis | ||
| 100 | 0 | 0 |
_aGonzález Magallanes, Roberto. _949127 |
| 245 | _aPrueba de tres niveles de gallinaza con tres dosis de nitrógeno en sorgo forrajero bajo riego en Marín, N.L. | ||
| 260 |
_aMonterrey, N.L. : _bEl autor, _c1979 |
||
| 300 |
_a57 h. _b: gráfs |
||
| 502 | _aTesis (Ing. Agrónomo Fitotecnista) -- Univ. Autónoma de Nuevo León. Fac. de Agronomía | ||
| 590 |
_aALEPH _b10 _c20130110 _lUCH01 _h1235 |
||
| 590 |
_aBATCH-UPD _b10 _c20130110 _lUCH01 _h0011 |
||
| 590 |
_aBATCH-UPD _b10 _c20130110 _lUCH01 _h1243 |
||
| 590 |
_aBATCH-UPD _b10 _c20130409 _lUCH01 _h1948 |
||
| 590 |
_aBATCH-UPD _b10 _c20130410 _lUCH01 _h0808 |
||
| 590 |
_aBATCH-UPD _b10 _c20130913 _lUCH01 _h1855 |
||
| 590 |
_aCONVERSION _b10 _c20130109 _lUCH01 _h1309 |
||
| 650 | 1 | 4 |
_aAbonos _xEfecto en plantas. _9261 |
| 650 | 1 | 4 |
_aGallinaza. _944445 |
| 650 | 1 | 4 |
_aNitrógeno _xEfecto en sorgo. _981461 |
| 650 | 1 | 4 |
_aSorgo como forraje. _9108743 |
| 650 | 1 | 4 |
_aSorgo _xRendimiento. _9108714 |
| 901 | _aBK | ||
| 942 | _cTESIS | ||
| 949 |
_bBC _cTES _d-44575 _eTS1 _i19220 _si |
||
| 999 |
_c14174 _d14174 |
||